000 00674nam a2200229 a 4500
001 18971
003 CO-ViMGA
008 141112s2004 ck r 000 u spa d
020 _a9681652215
040 _aCO-ViMGA
_bspa
_cCO-ViMGA
082 0 4 _a535.326 R849t
100 1 _aRuiz Mejía, Carlos
_927140
245 1 0 _aTrampas de luz - Ciencia para todos
260 _aMexico :
_bFondo de Cultura Económica; 1997
300 _a205 p.
490 _aLa Ciencia para todos; 27
590 _aForma de adquisición : Premio Mincultura - - Precio : 20.700
650 1 4 _aABSORCION DE LA LUZ
_927141
650 1 4 _aATOMOS DE LA MATERIA
_927142
650 1 4 _aLUZ
942 _2ddc
_cBK
999 _c28162
_d28162